[Event "Hradec Kralove Region-chT 2223"]
[Site "Czech Republic"]
[Date "2023.01.29"]
[Round "7.3"]
[White "Stejskal, Michal"]
[Black "Novak, Radomir"]
[Result "1-0"]
[WhiteElo "1757"]
[BlackElo "2068"]
[PlyCount "51"]
[EventDate "2022.10.09"]
[EventType "team-tourn"]
[EventRounds "11"]
[EventCountry "CZE"]
[SourceTitle "EXT 2024"]
[Source "ChessBase"]
[SourceDate "2023.10.10"]
[SourceVersion "1"]
[SourceVersionDate "2023.10.10"]
[SourceQuality "1"]

1. e4 e6 2. Nf3 d5 3. Nc3 Nf6 4. e5 Nfd7 5. d4 a6 6. Ne2 c5 7. c3 Nc6 8. Ng3 cxd4 9. cxd4 Nb6 10. Bd3 Bd7 11. 0-0 Be7 12. a3 Na5 13. Nh5 g6 14. Ng3 Ba4 15. Bc2 Bxc2 16. Qxc2 0-0 17. Bh6 Re8 18. Rab1 Qd7 19. Qd2 Nb3 20. Qf4 Rac8 21. Ng5 Bd8 22. Rfd1 a5 23. Rd3 a4 24. Nh5 gxh5 25. Rg3 h4 26. Nxf7+ 1-0

[Event "Hradec Kralove Region-chT 2223"]
[Site "Czech Republic"]
[Date "2022.12.11"]
[Round "5.3"]
[White "Stejskal, Michal"]
[Black "Drasnar, Lukas"]
[Result "1/2-1/2"]
[WhiteElo "1747"]
[BlackElo "1835"]
[PlyCount "102"]
[EventDate "2022.10.09"]
[EventType "team-tourn"]
[EventRounds "11"]
[EventCountry "CZE"]
[SourceTitle "EXT 2024"]
[Source "ChessBase"]
[SourceDate "2023.10.10"]
[SourceVersion "1"]
[SourceVersionDate "2023.10.10"]
[SourceQuality "1"]

1. e4 e5 2. Nf3 Nc6 3. Bc4 Bc5 4. 0-0 Nf6 5. d4 exd4 6. e5 d5 7. exf6 dxc4 8. Re1+ Be6 9. Ng5 Qd5 10. Nc3 Qf5 11. Nce4 g6 12. Nxf7 Kxf7 13. Ng5+ Kxf6 14. Nxe6 Rae8 15. Nxc5 Qxc5 16. Bf4 Qf5 17. Qd2 Kf7 18. Bxc7 Rxe1+ 19. Rxe1 Re8 20. Rxe8 Kxe8 21. Bg3 Qe4 22. h3 Kf7 23. Kh2 d3 24. c3 Ne7 25. Qh6 Kg8 26. Qd2 Nf5 27. Qg5 Nxg3 28. fxg3 Kg7 29. Qd8 a6 30. Qc7+ Kh6 31. Qd6 Kg7 32. Qc7+ Kg8 33. Qd8+ Kf7 34. Qc7+ Ke6 35. Qc8+ Kd6 36. Qd8+ Kc6 37. Qf6+ Kb5 38. Qd8 h5 39. Qd7+ Kb6 40. Qd6+ Qc6 41. Qd8+ Ka7 42. Qg5 Qb6 43. Qd2 Qe6 44. Qf2+ b6 45. Qd4 a5 46. b3 cxb3 47. axb3 Qe2 48. Qd7+ Kb8 49. Qd8+ Kb7 50. Qd7+ Ka6 51. Qc8+ Ka7 1/2-1/2

[Event "Hradec Kralove Region-chT 2223"]
[Site "Czech Republic"]
[Date "2022.10.30"]
[Round "2.3"]
[White "Stejskal, Michal"]
[Black "Zelba, Lukas"]
[Result "0-1"]
[WhiteElo "1903"]
[BlackElo "1965"]
[PlyCount "68"]
[EventDate "2022.10.09"]
[EventType "team-tourn"]
[EventRounds "11"]
[EventCountry "CZE"]
[SourceTitle "EXT 2024"]
[Source "ChessBase"]
[SourceDate "2023.10.10"]
[SourceVersion "1"]
[SourceVersionDate "2023.10.10"]
[SourceQuality "1"]

1. e4 e6 2. Nf3 d5 3. Nc3 Nf6 4. e5 Nfd7 5. d4 a6 6. Ne2 c5 7. c3 Nc6 8. a3 c4 9. Ng3 Be7 10. Be2 0-0 11. 0-0 f6 12. exf6 Bxf6 13. Nh5 Be7 14. Nf4 Nf6 15. Re1 Ne4 16. h3 Bd6 17. g3 b5 18. a4 Rb8 19. axb5 axb5 20. h4 Na5 21. Nh3 Nb3 22. Rb1 e5 23. dxe5 Bc5 24. Bg5 Nxg5 25. Nfxg5 h6 26. Bf3 d4 27. Be4 hxg5 28. Nxg5 Rb6 29. e6 Qf6 30. Qh5 Qh6 31. Qf7+ Rxf7 32. Bh7+ Kf8 33. exf7 Be6 34. Bf5 Bxf7 0-1

[Event "CZE-ch U16"]
[Site "Luhacovice"]
[Date "2022.03.18"]
[Round "8"]
[White "Le, Anh Dung"]
[Black "Stejskal, Michal"]
[Result "1/2-1/2"]
[WhiteElo "1998"]
[BlackElo "1857"]
[PlyCount "58"]
[EventDate "2022.03.12"]
[EventType "swiss"]
[EventRounds "9"]
[EventCountry "CZE"]
[SourceTitle "EXT 2023"]
[Source "ChessBase"]
[SourceDate "2022.10.05"]
[SourceVersion "1"]
[SourceVersionDate "2022.10.05"]
[SourceQuality "1"]

1. e4 c5 2. Nf3 Nc6 3. d4 cxd4 4. Nxd4 e5 5. Nb3 Nf6 6. Nc3 Bb4 7. Bc4 0-0 8. 0-0 Bxc3 9. bxc3 Nxe4 10. Qd3 Nf6 11. Ba3 d5 12. Bxf8 dxc4 13. Qxd8 Nxd8 14. Be7 cxb3 15. Bxd8 bxc2 16. Bxf6 gxf6 17. f4 Bd7 18. Rac1 Ba4 19. Rfe1 Rc8 20. fxe5 fxe5 21. Re4 Rd8 22. Rxe5 Rd1+ 23. Re1 Kg7 24. Kf2 Kf6 25. h3 Kf5 26. Ra1 Kf4 27. h4 Kf5 28. g3 a5 29. Rc1 b5 1/2-1/2

[Event "CZE-ch U16"]
[Site "Luhacovice"]
[Date "2022.03.16"]
[Round "6"]
[White "Stejskal, Michal"]
[Black "Smolik, Jachym"]
[Result "0-1"]
[WhiteElo "1857"]
[BlackElo "2277"]
[PlyCount "96"]
[EventDate "2022.03.12"]
[EventType "swiss"]
[EventRounds "9"]
[EventCountry "CZE"]
[SourceTitle "EXT 2023"]
[Source "ChessBase"]
[SourceDate "2022.10.05"]
[SourceVersion "1"]
[SourceVersionDate "2022.10.05"]
[SourceQuality "1"]

1. e4 c6 2. Nc3 d5 3. Nf3 Bg4 4. h3 Bxf3 5. Qxf3 e6 6. exd5 cxd5 7. d4 Nc6 8. Bb5 Rc8 9. 0-0 Nf6 10. Re1 Be7 11. Ne2 a6 12. Bxc6+ Rxc6 13. c3 Ne4 14. Ng3 Nxg3 15. Qxg3 Bf6 16. Bf4 0-0 17. Re2 b5 18. a3 Qe7 19. Rae1 Rfc8 20. Be5 a5 21. Qf3 Bxe5 22. Rxe5 Qf8 23. R5e3 h6 24. Qg3 Qd8 25. f4 Qf6 26. Re5 b4 27. axb4 axb4 28. R1e3 Kh7 29. Qf3 bxc3 30. bxc3 g6 31. Kh2 Ra6 32. g4 Ra2+ 33. Re2 Ra3 34. R2e3 Rb8 35. f5 gxf5 36. gxf5 Ra2+ 37. Re2 Rbb2 38. Rxb2 Rxb2+ 39. Kh1 Qg5 40. Qg4 Qc1+ 41. Qg1 Qf4 42. Re3 Qxf5 43. Qg4 Rb1+ 44. Kg2 Qf1+ 45. Kg3 Rb2 46. Kh4 Qf6+ 47. Kh5 Rf2 48. Re5 Rf4 0-1

[Event "CZE-chT2D 2122"]
[Site "Czech Republic"]
[Date "2022.02.27"]
[Round "9.5"]
[White "Houska, Bronislav"]
[Black "Stejskal, Michal"]
[Result "1-0"]
[WhiteElo "1925"]
[BlackElo "1851"]
[PlyCount "89"]
[EventDate "2021.10.17"]
[EventType "team-tourn"]
[EventRounds "11"]
[EventCountry "CZE"]
[SourceTitle "EXT 2025"]
[Source "ChessBase"]
[SourceDate "2024.10.14"]
[SourceVersion "1"]
[SourceVersionDate "2024.10.14"]
[SourceQuality "1"]
[WhiteTeam "Policka Stefanydes"]
[BlackTeam "Horice Jiskra"]
[WhiteTeamCountry "CZE"]
[BlackTeamCountry "CZE"]

1. c4 e6 2. g3 Nf6 3. Bg2 d5 4. Nf3 Be7 5. 0-0 0-0 6. b3 b6 7. Bb2 Bb7 8. d4 Nbd7 9. Nc3 c5 10. e3 Rc8 11. Qe2 Qc7 12. Rac1 a6 13. cxd5 exd5 14. dxc5 bxc5 15. Rfd1 Rfe8 16. Ba3 Qa5 17. Bb2 Bc6 18. Qc2 Bd6 19. Ng5 d4 20. Nce4 Nxe4 21. Bxe4 Bxe4 22. Nxe4 Bf8 23. Qb1 Ne5 24. Ng5 d3 25. f4 h6 26. Bxe5 hxg5 27. Rxd3 gxf4 28. exf4 Qb6 29. Rc4 f6 30. Bc3 Re2 31. Rd2 Rce8 32. Rxe2 Rxe2 33. Qd3 Qe6 34. f5 Qe8 35. Qd5+ Qf7 36. Qxf7+ Kxf7 37. Ra4 Rc2 38. Be1 c4 39. Rxa6 Bc5+ 40. Kf1 cxb3 41. axb3 Rxh2 42. b4 Be7 43. Ra7 Rb2 44. Bf2 Rxb4 45. Rxe7+ 1-0

[Event "CZE-ch U16"]
[Site "Herlikovice"]
[Date "2021.10.28"]
[Round "6"]
[White "Stejskal, Michal"]
[Black "Winter, Ondrej"]
[Result "1/2-1/2"]
[WhiteElo "1851"]
[BlackElo "2026"]
[PlyCount "116"]
[EventDate "2021.10.23"]
[EventType "swiss"]
[EventRounds "9"]
[EventCountry "CZE"]
[SourceTitle "EXT 2023"]
[Source "ChessBase"]
[SourceDate "2022.10.05"]
[SourceVersion "1"]
[SourceVersionDate "2022.10.05"]
[SourceQuality "1"]

1. d4 d5 2. c4 dxc4 3. Nf3 Nf6 4. e3 e6 5. Bxc4 a6 6. 0-0 b5 7. Be2 Bb7 8. a4 b4 9. b3 Be7 10. Nbd2 0-0 11. Bb2 Nbd7 12. Rc1 Rc8 13. Nc4 c5 14. Nfe5 Bd5 15. Nxd7 Nxd7 16. Bd3 Bf6 17. Qc2 g6 18. Qe2 cxd4 19. exd4 Nb6 20. Nxb6 Rxc1 21. Rxc1 Qxb6 22. Bc4 Bxd4 23. a5 Qa7 24. Bxd5 exd5 25. Bxd4 Qxd4 26. Qxa6 Qb2 27. Qc6 Qxb3 28. Qf6 Qa3 29. Ra1 Rc8 30. g3 Qc3 31. Qxc3 bxc3 32. Kf1 c2 33. Rc1 Ra8 34. Rxc2 Rxa5 35. Ke2 Kf8 36. Rc7 Ra2+ 37. Kf3 d4 38. Rd7 Rd2 39. h4 Kg7 40. Ke4 Rxf2 41. Rxd4 Re2+ 42. Kf3 Re7 43. Rd6 Ra7 44. Rd3 h6 45. Rb3 g5 46. hxg5 hxg5 47. g4 Ra4 48. Kg3 Rd4 49. Ra3 Kf6 50. Ra6+ Ke5 51. Ra3 Ke4 52. Ra1 Rd3+ 53. Kg2 Rd2+ 54. Kg3 Rd3+ 55. Kg2 f6 56. Ra6 Ke5 57. Ra5+ Rd5 58. Ra2 Rd4 1/2-1/2

[Event "CZE-ch U16"]
[Site "Herlikovice"]
[Date "2021.10.25"]
[Round "3"]
[White "Stejskal, Michal"]
[Black "Pisar, Tomas"]
[Result "1-0"]
[WhiteElo "1851"]
[BlackElo "1615"]
[PlyCount "45"]
[EventDate "2021.10.23"]
[EventType "swiss"]
[EventRounds "9"]
[EventCountry "CZE"]
[SourceTitle "EXT 2023"]
[Source "ChessBase"]
[SourceDate "2022.10.05"]
[SourceVersion "1"]
[SourceVersionDate "2022.10.05"]
[SourceQuality "1"]

1. e4 e5 2. Nf3 Nc6 3. c3 d5 4. Qa4 dxe4 5. Nxe5 Bd7 6. Nxd7 Qxd7 7. Qxe4+ Be7 8. d4 Nf6 9. Qc2 0-0-0 10. Bd3 g6 11. Be3 Nd5 12. 0-0 f5 13. Bd2 f4 14. Be4 Rhf8 15. Re1 Rf6 16. b4 Ndxb4 17. cxb4 Nxd4 18. Qd3 f3 19. Kh1 Qg4 20. g3 Qh3 21. Qf1 Qg2+ 22. Qxg2 fxg2+ 23. Kxg2 1-0

[Event "Pardubice Czech op-B 32nd"]
[Site "Pardubice"]
[Date "2021.07.24"]
[Round "1"]
[White "Kratochvil, Karel"]
[Black "Stejskal, Michal"]
[Result "0-1"]
[WhiteElo "2131"]
[BlackElo "1767"]
[PlyCount "114"]
[EventDate "2021.07.24"]
[EventType "swiss"]
[EventRounds "9"]
[EventCountry "CZE"]
[SourceTitle "EXT 2022"]
[Source "ChessBase"]
[SourceDate "2021.10.06"]
[SourceVersion "1"]
[SourceVersionDate "2021.10.06"]
[SourceQuality "1"]

1. d4 Nf6 2. c4 e6 3. Nc3 Bb4 4. f3 d5 5. a3 Bxc3+ 6. bxc3 c6 7. e3 0-0 8. Bd3 Re8 9. Ne2 Nbd7 10. 0-0 e5 11. Ng3 Qc7 12. Ra2 Nf8 13. Re2 e4 14. Bb1 Ng6 15. fxe4 Bg4 16. e5 Nd7 17. Bf5 Bxe2 18. Qxe2 Ndf8 19. e4 dxc4 20. Nh5 Ne6 21. Rf3 Qb6 22. Qe3 Qb3 23. Rf1 Qb6 24. h4 Qd8 25. g3 Qe7 26. Bh3 Rad8 27. Nf6+ gxf6 28. exf6 Qf8 29. h5 Ngf4 30. gxf4 Qh6 31. e5 Kh8 32. Qf3 Rg8+ 33. Kh2 Qf8 34. Qe4 Qh6 35. Qf5 Rde8 36. a4 b5 37. a5 b4 38. cxb4 Nxd4 39. Qe4 Rd8 40. e6 Qxf6 41. f5 Qg7 42. Bf4 Nf3+ 43. Qxf3 Rd3 44. exf7 Rxf3 45. fxg8Q+ Kxg8 46. Rxf3 Qb2+ 47. Bg2 Qf6 48. Bg5 Qf7 49. h6 Qh5+ 50. Rh3 Qe2 51. Re3 Qh5+ 52. Bh3 Qxg5 53. Re8+ Kf7 54. Rc8 Qd2+ 55. Kg3 Qd6+ 56. Kg4 c3 57. b5 c2 0-1

[Event "Pardubice Czech op-C 29th"]
[Site "Pardubice"]
[Date "2018.07.21"]
[Round "1"]
[White "Stejskal, Michal"]
[Black "Borovicka, Bohumil"]
[Result "1/2-1/2"]
[WhiteElo "1611"]
[BlackElo "1961"]
[PlyCount "101"]
[EventDate "2018.07.21"]
[EventType "swiss"]
[EventRounds "9"]
[EventCountry "CZE"]
[SourceTitle "CBM 186 Extra"]
[Source "ChessBase"]
[SourceDate "2018.08.24"]
[SourceVersion "1"]
[SourceVersionDate "2018.08.24"]
[SourceQuality "1"]

1. d4 d5 2. Nf3 c5 3. e3 e6 4. c3 Nf6 5. Nbd2 b6 6. Bd3 Bb7 7. 0-0 Nbd7 8. Re1 Be7 9. Qe2 Ne4 10. c4 0-0 11. b3 f5 12. Bb2 Bf6 13. Bc2 Qc7 14. Rac1 Rae8 15. cxd5 exd5 16. Nxe4 fxe4 17. Nd2 Bc6 18. a4 a5 19. Nb1 Rf7 20. Na3 Ref8 21. Rf1 Bh4 22. g3 Be7 23. Kg2 Qb7 24. Qd2 Qa6 25. Bd1 Nf6 26. Be2 Qb7 27. f4 cxd4 28. exd4 Bd7 29. Nb5 Rc8 30. Rxc8+ Qxc8 31. Rc1 Qb8 32. Qc2 Rf8 33. Qc7 Qxc7 34. Rxc7 Rc8 35. Rxc8+ Bxc8 36. h3 h5 37. Ba3 Bxa3 38. Nxa3 Kf7 39. Nb5 Ke7 40. Kh2 g6 41. Kg2 Bd7 42. Nc3 Kd6 43. Ba6 Ng8 44. Bb5 Ne7 45. Bxd7 Kxd7 46. g4 Ke6 47. Kg3 Nc6 48. Ne2 hxg4 49. hxg4 Nb4 50. Nc3 Nc2 51. Ne2 1/2-1/2